How identify Persian rugs and other oriental rugs (Record no. 7614)

MARC details
000 -CABECERA
campo de control de longitud fija 00621nam a2200229 a 4500
001 - NÚMERO DE CONTROL
campo de control BRCA_7945
005 - FECHA Y HORA DE LA ÚLTIMA TRANSACCIÓN
campo de control 20190320210050.0
008 - DATOS DE LONGITUD FIJA--INFORMACIÓN GENERAL
campo de control de longitud fija 100314t19691952enka###f##---#000-0#eng-#
041 ## - CÓDIGO DE LENGUA
Código de lengua del texto/banda sonora o título independiente eng
044 ## - CÓDIGO DEL PAÍS DE LA ENTIDAD EDITORA/PRODUCTORA
Código MARC del país enk
050 #4 - SIGNATURA TOPOGRÁFICA DE LA BIBLIOTECA DEL CONGRESO
Número de clasificación NK2808
Número de documento/Ítem .M39
-- 1969
100 1# - ENTRADA PRINCIPAL--NOMBRE DE PERSONA
Nombre de persona Delabere May, C. J.
9 (RLIN) 19684
245 10 - MENCIÓN DE TÍTULO
Título How identify Persian rugs and other oriental rugs
Mención de responsabilidad, etc. C. J. Delabere May.
260 ## - PUBLICACIÓN, DISTRIBUCIÓN, ETC.
Lugar de publicación, distribución, etc. London
Nombre del editor, distribuidor, etc. Bell
Fecha de publicación, distribución, etc. 1969
300 ## - DESCRIPCIÓN FÍSICA
Extensión 152 p.
Otras características físicas il., 27 láminas
Dimensiones 19 cm.
500 ## - NOTA GENERAL
Nota general 3038
650 14 - PUNTO DE ACCESO ADICIONAL DE MATERIA--TÉRMINO DE MATERIA
Término de materia o nombre geográfico como elemento de entrada Alfombras persas
9 (RLIN) 19685
650 14 - PUNTO DE ACCESO ADICIONAL DE MATERIA--TÉRMINO DE MATERIA
Término de materia o nombre geográfico como elemento de entrada Tapetes orientales
9 (RLIN) 7601
650 14 - PUNTO DE ACCESO ADICIONAL DE MATERIA--TÉRMINO DE MATERIA
Término de materia o nombre geográfico como elemento de entrada Tapices
9 (RLIN) 1909
902 ## - CATALOGADOR
Iniciales GFM
942 ## - ELEMENTOS DE PUNTO DE ACCESO ADICIONAL (KOHA)
Fuente del sistema de clasificación o colocación Library of Congress Classification
Tipo de ítem Koha Libros
Holdings
Estado de retiro Estado de pérdida Estado dañado No para préstamo Localización permanente Ubicación/localización actual Fecha de adquisición Número de inventario Total de préstamos Signatura topográfica completa Código de barras Fecha visto por última vez Precio válido a partir de Tipo de ítem Koha
El ejemplar forma parte de la colección y puede ser consultado según las políticas vigentes.       Biblioteca del Museo Franz Mayer (Rogerio Casas-Alatriste) Biblioteca del Museo Franz Mayer (Rogerio Casas-Alatriste) 10/03/2014 3038   NK2808 .M39 1969 (3038) 8556 22/03/2019 22/03/2019 Libros